| 000 | 00338nam a22001337a 4500 | ||
|---|---|---|---|
| 082 |
_a823 _bKIN/D |
||
| 100 | _aKINNEY, JEFF | ||
| 245 | _aDIARY OF A WIMPY KID: DOG DAYS | ||
| 246 |
_aDIARY OF A WIMPY KID: DOG DAYS _bDIARY OF A WIMPY KID: DOG DAYS |
||
| 260 |
_aU K _bPUFFIN _c2011 |
||
| 300 | _a214 | ||
| 650 | _aENGLISH STORY | ||
| 942 | _cBK | ||
| 999 |
_c9074 _d9074 |
||